| 000 | 00804nam a2200241 i 4500 | ||
|---|---|---|---|
| 001 | bg | ||
| 100 | 1 |
_aMajewski, Tadeusz _c(psycholog). |
|
| 245 | 1 | 0 |
_aJak zatrudniać osoby niepełnosprawne? : _bporadnik dla pracodawców / _cTadeusz Majewski. |
| 260 |
_aWarszawa : _bKrajowa Izba Gospodarczo-Rehabilitacyjna. Dział Informacji Gospodarczej i Wydawnictw, _c2007. |
||
| 300 |
_a93 s. ; _c24 cm. |
||
| 504 | _aBibliogr. s. 93, wykaz aktów prawnych s. 91. | ||
| 650 | 9 |
_aNiepełnosprawni _xpraca _zPolska _yod 1989 r. |
|
| 655 | _aPoradniki | ||
| 015 | _aPB 5073/2008 | ||
| 020 | _a9788392362753 | ||
| 040 | _cBPK | ||
| 041 | _apol | ||
| 044 | _aPOL | ||
| 080 | _a331-056.26/.36(438)"1989/..."(083.1) | ||
| 920 | _a978-83-923627-5-3 | ||
| 942 | _cKS | ||
| 008 | 071220s2007 pl f |000 0 pol | ||
| 999 |
_c55508 _d55508 |
||
| 856 |
_uhttp://koha.tu.koszalin.pl/cgi-bin/koha/opac-detail.pl?biblionumber=55508 _yKatalog online BPK |
||